[Event "Mermaid Beach Club"]
[Site "Bermuda"]
[Date "1997.??.??"]
[Round "8"]
[White "Hellsten, Johan"]
[Black "Hjartarson, Johann"]
[Result "1/2-1/2"]
[WhiteElo "2485"]
[BlackElo "2585"]
[Annotator "Avrukh,B"]
[PlyCount "85"]
[EventDate "1997.01.??"]
[EventType "tourn"]
[EventRounds "11"]
[EventCountry "BER"]
[EventCategory "11"]
[SourceTitle "CBM 058"]
[Source "ChessBase"]
[SourceDate "1997.06.01"]
[SourceVersion "1"]
[SourceVersionDate "1997.06.01"]
[SourceQuality "1"]

1. d4 Nf6 2. c4 e6 3. Nf3 b6 4. g3 Ba6 5. Nbd2 c5 6. Bg2 Nc6 7. dxc5 bxc5 8.
O-O Bb7 {A new move according to my database.[Avrukh,B]} (8... Be7 {Avrukh,B}
9. e4 (9. Qa4 Bb7 10. Ne5 Na5 11. Ndf3 O-O 12. Rd1 d6 13. Bd2 dxe5 14. Bxa5 Qb8
15. Bc3 e4 16. Ne5 Qc7 17. Qa5 $16 {1-0 Nemet Ivan-Zeller Frank/Tournament 
(team), Wasserburg (Germany) 1996 (31)}) 9... O-O 10. Re1 Ng4 11. e5 Qc7 12.
Qe2 Rae8 13. h3 Nh6 14. b3 f5 15. Bb2 Nf7 16. Rad1 Bc8 17. Nb1 d6 18. exd6 Bxd6
19. Nc3 a6 20. Rd2 $14 {Kock,H-Arkhipov,S/HUN-chop Gyor 1990/1/2-1/2 (52)}) (
8... Qc7 {Avrukh,B} 9. b3 Be7 10. Bb2 O-O 11. Re1 Rad8 12. Rc1 d6 13. Qc2 Nd7
14. Ne4 d5 15. cxd5 exd5 16. Neg5 g6 17. h4 Nde5 18. Nxe5 Nxe5 19. Bd4 c4 20.
bxc4 dxc4 21. Bc3 Nd7 22. Rb1 $36 {1/2-1/2 Zhidkov,V-Dautov,R/Sverdlovsk 1989 
(28)}) 9. Ng5 {[%csl Gd6][%cal Gd2e4] Interesting idea , normal is 9e4, or 9b3.
[Avrukh,B]} d5 $1 (9... Be7 $6 {Avrukh,B} 10. Nde4 $1 Nxe4 (10... O-O 11. Nxf6+
(11. Nd6 Qb6 12. Nxb7 Qxb7 13. b3 $14) 11... Bxf6 12. Ne4 Be7 13. Nd6 $14) 11.
Nxe4 d5 $6 12. cxd5 exd5 13. Nc3 d4 14. Qa4 Qd7 15. Nd5 $16) (9... d6 {Avrukh,B
} 10. Nde4 Nxe4 11. Nxe4 f5 12. Ng5 (12. Nc3 $5) 12... Qd7 13. Qa4 {[%cal
Gg5e6]} Rc8 $13 {[Avrukh,B]}) 10. cxd5 Nxd5 (10... exd5 $2 {Avrukh,B} 11. e4
$16 {[Avrukh,B]}) 11. Ndf3 (11. e4 $6 {[%csl Gd3,Gd4] Avrukh,B} Ndb4 (11...
Qxg5 $2 12. exd5 exd5 13. Re1+ Be7 14. Ne4 $18) 12. Nc4 (12. Qh5 g6) 12... Qxd1
13. Rxd1 Nd4 $11) (11. Nb3 {[%csl Gc5][%cal Gg5e4] Avrukh,B} Be7 12. Ne4 (12.
e4 $2 Nf6 $17 (12... Ndb4 13. Qh5 g6 14. Qh6 c4 15. Qg7 Rf8 16. Nxh7 cxb3 17.
Bh6 Qd4 18. Nxf8 Qxg7 19. Bxg7 Bxf8 20. Bxf8 Kxf8 21. axb3 $11)) 12... Qb6 $11
{[Avrukh,B]}) 11... Be7 12. Bd2 h6 (12... O-O {Avrukh,B} 13. Qc2 g6 $13 {
[Avrukh,B]}) 13. Ne4 O-O 14. Rc1 Qb6 $15 15. Re1 (15. Qc2 {Avrukh,B} Nd4 (15...
Rac8) 16. Nxd4 cxd4 {and black is better.[Avrukh,B]}) (15. Ne1 $6 {[%cal Ge1d3]
Avrukh,B} Ba6 $1 (15... f5 $2 16. Nc3 Rad8 17. Nxd5 exd5 18. Nd3 $36 {[%cal
Gd3f4,Gf4e6,Gf4d5,Gf4g6]}) 16. b3 Rad8 17. Nd3 Bxd3 18. exd3 Ndb4 $17 {[Avrukh,
B]}) 15... Rfd8 16. Qa4 (16. Qc2 {Avrukh,B} Nd4 17. Nxd4 cxd4 $15) (16. b3 {
Avrukh,B} a5 $1 {[%csl Gb3][%cal Ga5a4] [Avrukh,B]}) 16... Nd4 (16... Ba6 $142
$5 {[%cal Ga6b5] Avrukh,B}) 17. Ne5 Qc7 (17... Ba6 $2 {Avrukh,B} 18. Ba5 Qxb2
19. Bxd8 Nxe2+ 20. Kh1 Rxd8 21. Rb1 (21. Nxf7 $5) 21... Nec3 22. Nxc3 Nxc3 23.
Qf4 $1 $16 {[Avrukh,B]}) (17... Qa6 {Avrukh,B} 18. Qc4 $1 $11 {(Avrukh,B]}) 18.
Nd3 Nb6 (18... Bc6 $2 {Avrukh,B} 19. Qa5 $16) 19. Qd1 $2 {[%cal Gd8d1]} (19.
Qa5 {Avrukh,B} Nxe2+ (19... Nc6 20. Qc3 Nd5 21. Qc4 Nb6 $11) (19... c4 20. Bf4
Qc8 21. Ne5 Rd5 22. Qc3 $14) 20. Rxe2 Rxd3 21. Nxc5 Bxc5 22. Rxc5 Qd7 $11 {
[Avrukh,B]}) 19... c4 $8 20. Nf4 (20. Bf4 {Avrukh,B} Qc8 21. Ne5 Nb3 $17 {
[Avrukh,B]}) 20... e5 21. e3 (21. Nh5 {Avrukh,B} f5 $17) 21... Nb5 (21... exf4
{Avrukh,B} 22. exd4 fxg3 (22... Rxd4 $2 23. Bxf4 $14) 23. hxg3 Rxd4 24. Qe2 (
24. Qg4 Qd7 25. Qxd7 Rxd7 26. Be3 {And white has some compensation, for pawn
dawn.[Avrukh ,B]})) 22. Ne2 Rd3 (22... f5 {Avrukh,B} 23. N4c3 Bxg2 24. Kxg2
Nxc3 (24... Qd7 25. Rc2 a6 $1 $17) 25. Nxc3 Rd3 $17 {[Avrukh,B]}) 23. Qc2 Rad8
(23... f5 {Avrukh,B} 24. a4 $1 (24. N4c3 $2 Nxc3 25. Nxc3 Bxg2 26. Kxg2 Rad8
$17) 24... Bxe4 25. Bxe4 fxe4 26. axb5 $13 {[Avrukh,B]}) 24. Ba5 f5 25. a4 (25.
Bxb6 {Avrukh,B} axb6 26. Qa4 $1 (26. Nc5 Qxc5 27. Bxb7 Nd6 28. Bg2 Bf6 $15 {
[%cal Ge5e4]}) 26... Qc6 (26... Bxe4 27. Bxe4 fxe4 28. Qxb5 $16) 27. Rxc4 Qd7
28. N4c3 Nxc3 29. Nxc3 e4 {And black's activity, enough for equal chances.
[Avrukh,B]}) 25... fxe4 (25... Bxe4 26. Bxe4 fxe4 27. axb5 (27. Bxb6 axb6 28.
axb5 Bb4 29. Rf1 Rc8 $15) 27... Rc8 $13 28. Nc3 Qb7 29. Qe2 {[%cal Ge2g4]} Nd7
30. Qg4 Nc5 31. Bb4 $1 $16 {[%csl Ra7,Gc4,Re4] [Avrukh,B]}) 26. axb5 (26. Bxb6
$143 $2 axb6 27. axb5 Bb4 28. Rf1 Bd5 $17 {[Avrukh,B]}) 26... Kh8 (26... Qc5
27. Nc3 (27. Bxb6 Qxb6 (27... axb6 28. Qxc4+ Qxc4 29. Rxc4 Bd5 30. Ra4 Rd2 31.
Nc3 $16) 28. Bxe4 $1 Bxe4 29. Qxc4+ Kh8 (29... R3d5 30. Nc3 $1 $16) 30. Qxe4
Qxb5 31. Rc2 $14) 27... Rd2 28. Qb1 R2d3 29. Qa2 $1 $14 {[Avrukh,B]}) 27. Nc3 (
27. Bxb6 axb6 (27... Qxb6 28. Qxc4 Bd5 29. Qa4 $1 (29. Qc7 Bb4 30. Qxb6 axb6
$132) 29... Rb3 30. Nc3 Rxb2 31. Rb1 $1 $16 (31. Bxe4 Rb4 32. Nxd5 Rxa4 (32...
Rxd5 33. Qa2 $16) 33. Nxb6 axb6 $14)) 28. Qxc4 Qxc4 29. Rxc4 Bd5 (29... Rd1 30.
Rxd1 Rxd1+ 31. Bf1 {[%cal Ge2c3]}) 30. Ra4 Rd2 31. Nc3 Rxb2 32. Nxd5 Rxd5 33.
Bxe4 Rd8 $14) 27... Qd7 (27... Rd2 28. Qb1 Rf8 29. Rf1 $1) 28. Bxb6 (28. Bxe4
Bxe4 29. Nxe4 Qxb5 30. Bxb6 Qxb6 {With good chances to hold position for black.
[Avrukh,B]}) 28... axb6 29. Qa4 (29. Nxe4 Bd5 $1 {[%csl Ge4][%cal Gd7b7]}) (29.
Bxe4 Rd2 (29... Bxe4 30. Nxe4 Qxb5 31. Qxc4 Qxb2 32. Rb1 $16) 30. Qa4 Bxe4 31.
Nxe4 Rxb2 32. Qxc4 Rb4 $1 $14 {[Avrukh,B]}) 29... Rd2 30. Rcd1 (30. Bxe4 Rf8
$132) 30... Rf8 (30... Qf5 31. Rxd2 Rxd2 32. Re2 Rxe2 33. Nxe2 Qd7 34. Nc3 $16
{[Avrukh,B]}) 31. Rf1 $1 $16 Rxd1 32. Rxd1 Qf5 33. Qa7 $1 Qc8 (33... Qxf2+ 34.
Kh1 $16 {[%cal Ga7b7,Gb7e7]}) 34. Bxe4 $2 {Suddenly, after this not ,so
accurate move , black creates real countrplay.[Avrukh,B]} (34. Qxb6 $1 Bc5 35.
Qg6 Rf6 36. Qh5 $18) 34... Bxe4 35. Nxe4 Qg4 36. Nc3 (36. Qd7 Qf3 37. Rf1 Qxe4
38. Qxe7 Rf6 {And it's very difficult to win for white.[Avrukh,B]}) 36... Qf3
37. Rf1 (37. Rd2 $1 Bc5 (37... Ra8 38. Qd7 (38. Qxe7 Ra1+ 39. Rd1 Rxd1+ 40.
Nxd1 Qxd1+ 41. Kg2 Qd5+ $11) 38... Bc5 (38... Bb4 39. Rd1 Rf8 40. Rf1 Bxc3 41.
bxc3 $16) 39. Rd1 Rf8 40. Qd2 $16) 38. Nd5 {[%cal Ga7a4,Ga4d1]} (38. Nd1 $2 Bb4
39. Rd7 (39. Nc3 Bxc3 40. bxc3 Ra8 $19) 39... Be1 $19) 38... Bb4 39. Nxb4 Ra8
40. Qa6 $1 $16 {[Avrukh,B]}) 37... Bc5 38. Qa1 {[%cal Ga1d1,Gd1f3]} (38. Nd1 {
Avrukh,B} Ra8 (38... Rd8 39. Nc3 Rf8 $11) 39. Qd7 Ra1 $44) 38... Rd8 39. Qc1 (
39. Qb1 Rd3 {almost the same.[Avrukh,B]}) 39... Rd3 40. Na4 Qd5 41. Nc3 Qf3 42.
Na4 (42. Qc2 $5 {[%csl Rd3][%cal Gc3a2,Ga2c1]} h5 $1 {[%cal Gh5h3]} 43. h4 (43.
Na4 $2 h4 44. Qxc4 Rd4 $3 $19) 43... Rxe3 $1 44. fxe3 Bxe3+ 45. Rf2 Qxg3+ 46.
Kf1 Qh3+ 47. Kg1 Qg3+ $11) (42. Nb1 $5 Qd5 (42... Rxe3 43. Nd2 Qf7 44. fxe3 (
44. Qxc4 Qxc4 45. Nxc4 Re2 $11) 44... Bxe3+ 45. Kg2 Qd5+ 46. Kh3 Bxd2 47. Rf8+
Kh7 48. Qf1 e4 49. Qf7 {and this ending is winning for white.[Avrukh,B]}) 43.
Qc2 h5 (43... Bb4 44. Rc1 Qc5 $44 {black must simply stand on the place,
because every move, will give to white objects to attack.[Avrukh,]} (44... Qxb5
45. Qxc4 Qxc4 46. Rxc4 Rb3 47. Rc2 $16)) 44. Qe2 g6 45. Nc3 Rd2 46. Nxd5 Rxe2
47. Rb1 Rc2 (47... Kg7 48. Nc3 Rc2 49. Na4 $1 $18) (47... Rd2 48. Nc3 Bb4 49.
Na4 {[%csl Gb2][%cal Rb1d1,Rb1a1]}) 48. Nf6 $1 {[%cal Gf6d7]} Bd6 49. Kg2 $18 {
[Avrukh,B]}) 42... Qd5 43. Nc3 1/2-1/2

[Event "NED-ch52"]
[Site "Rotterdam"]
[Date "1997.06.24"]
[Round "4"]
[White "Timman, Jan H"]
[Black "Van der Wiel, John"]
[Result "1-0"]
[WhiteElo "2630"]
[BlackElo "2555"]
[Annotator "Avrukh,B"]
[PlyCount "107"]
[EventDate "1997.06.21"]
[EventType "tourn"]
[EventRounds "11"]
[EventCountry "NED"]
[EventCategory "12"]
[SourceTitle "CBM 060"]
[Source "ChessBase"]
[SourceDate "1997.09.29"]
[SourceVersion "1"]
[SourceVersionDate "1997.09.29"]
[SourceQuality "1"]

1. d4 {Petursson} Nf6 2. c4 e6 3. Nf3 b6 4. g3 Ba6 5. Nbd2 Bb7 6. Bg2 c5 7. e4
cxd4 8. Nxd4 Bc5 9. N4b3 (9. Nc2) (9. Nb5) 9... Be7 (9... d6 $5 10. O-O e5 11.
Qe2 $5 (11. Nxc5 $142 dxc5 12. Qa4+ $11) 11... Nc6 12. Rd1 a5 13. a4 O-O 14.
Nf1 Re8 15. Kh1 Nd4 16. Nxd4 exd4 17. f3 d5 $1 18. cxd5 Nxd5 $17 {Votava,
J-Polak,T/Lazne Bohdanec 1997/0-1 (74)}) 10. O-O Qc7 11. Nd4 (11. Re1 d6 12.
Nd4 a6 13. b3 Nbd7 14. Bb2 O-O 15. Rc1 (15. Qe2 Rfe8 16. Rac1 Bf8 17. Kh1 Rac8
18. Nc2 {1/2-1/2 Ftacnik,L-Chernin,A/Praha 1989}) 15... Rfe8 16. h3 Bf8 17. Nb1
Rac8 18. Nc3 Qb8 19. Rc2 g6 20. Rce2 Ba8 $13 {Piket,J-Salov,V/Wijk aan Zee
1992/1/2-1/2 (70)}) 11... Nc6 (11... a6 12. b3 O-O 13. Bb2 d6 {was another way.
}) 12. Nb5 Qb8 13. b3 (13. f4 d6 (13... a6 14. Nc3 Bc5+ $6 {it's not a good
place for bishop.} 15. Kh1 d6 16. Nf3 O-O 17. a3 a5 18. b3 $14) 14. b3 a6 15.
Nc3 O-O 16. Bb2 b5 $132 17. cxb5 $140 axb5 18. Nxb5 Ba6 19. e5 (19. a4 Bxb5 20.
axb5 Qxb5 $11) 19... Qb6+ $1 20. Rf2 (20. Kh1 Bxb5 21. exf6 Bxf1 22. Nxf1 gxf6
(22... Bxf6 23. Bxf6 gxf6 24. Qg4+ Kh8 25. Qh4 $11) 23. Qg4+ Kh8 24. Qh4 Rg8 (
24... e5 $2 25. Qh3 $1 {[%cal Gg2e4]} (25. Be4 $2 f5 $19) 25... Rg8 26. Rc1
Rac8 27. Be4 $16) 25. Bxf6+ Bxf6 26. Qxf6+ Rg7 {and black is better.}) 20...
dxe5 $17 {[%cal Ge7c5]}) 13... a6 14. Nc3 O-O (14... b5 15. Bb2 O-O {was a
very promising continuation for black, for example:} 16. f4 (16. a3 Ne5 {
[%cal Ge5d3]}) 16... Nb4 $1 {[%cal Gb4d3]} 17. Qe2 Nc2 $1 18. Rac1 Bc5+ 19. Kh1
Ne3 $17) 15. Bb2 d6 $2 (15... b5 {wasn't late -see 14...b5}) 16. Re1 Ra7 (16...
Re8 $5) 17. Nf1 Ba8 {[%cal Gb6b5]} 18. a4 $1 Nd7 19. Ne3 Bf6 20. Rb1 Rc8 (20...
Nd4 21. Ng4 e5 22. Nd5 Bxd5 23. Nxf6+ Nxf6 24. cxd5 $16) 21. Re2 Nc5 $6 (21...
Bd4 $142 22. Nc2 Bc5 23. Bc1 (23. Na2 a5 24. Nc3 Nde5 25. Nb5 Rd7 26. Rd2 $14)
23... Rac7 24. Kh1 {and black's position is still very passive.} (24. b4 $140
Bd4 $1)) 22. Rd2 Rd7 23. Ng4 Be7 24. h4 $1 {[%cal Gh4h5,Gh5h6]} h5 $6 (24...
Bf8 $142 25. h5 h6 26. Ba3 {[%cal Gb3b4] and white is better.} (26. Ba1 Nb4 27.
Qe2 $5) (26. Nxh6+ {gives only draw} gxh6 27. Nd5 exd5 28. Qg4+ Kh7 29. Qf5+
Kg8 30. Qg4+ $11)) 25. Ne3 Bf6 (25... g6 {[%csl Rf6,Rg7,Rh8]} 26. Ne2 $16 {
[%cal Gb3b4,Gd1c2,Gc2c3]}) 26. Ba1 $1 $16 {[%cal Gb3b4]} (26. Qxh5 $2 Nxb3)
26... Na7 $2 (26... g6 27. b4 Nb7 {[%cal Ga6a5]} 28. Ncd5 $1 Bxa1 29. Nxb6 Bg7
(29... Bc3 30. Nxd7 Qc7 31. Rc2 Bg7 (31... Bxb4 32. Nf6+ Kg7 33. Nfd5 $1 $18)
32. b5 Nd4 33. Rd2 Qxd7 34. Rxd4 Bxd4 35. Qxd4 $18) 30. Nxd7 Qc7 31. c5 (31. b5
$2 axb5 32. cxb5 Nca5 $13) (31. e5 Qxd7 32. exd6 a5 $1 $13) 31... Qxd7 32. b5 (
32. Nc4 $5 $16) 32... axb5 33. axb5 Nca5 34. c6 Nxc6 35. bxc6 Qxc6 36. Ra2 $16)
27. Qxh5 Bxc3 (27... b5 28. Ng4 Bxc3 29. Bxc3 e5 (29... Nxe4 30. Bxg7 $18) 30.
Qg5 Kf8 31. axb5 axb5 32. Rbd1 $18) 28. Bxc3 Nxe4 29. Bxg7 $1 Kxg7 (29... f5
30. Bxe4 (30. Bf6 $5) 30... Bxe4 31. Bf6 $18 (31. Qh8+ Kf7 32. Qh7 f4 33. Qxe4
fxe3 34. Qh7 $18)) 30. Qg4+ (30. Bxe4 $2 Bxe4 31. Qg4+ Bg6 32. h5 Nc6 $1 33.
hxg6 Ne5 $11) 30... Kh8 31. Qh5+ Kg7 32. Qg4+ Kh8 33. Bxe4 $1 f5 34. Nxf5 (34.
Bxf5 $5 exf5 35. Nxf5 Rg8 (35... Qb7 36. Rd5 Qc7 37. Qd4+ Kh7 38. Ne3 $1 Bxd5
39. Nxd5 Qd8 40. Nf6+ Kh6 41. Nxd7 Qxd7 42. Qxb6 $18) 36. Qd4+ Kh7 37. Qd3 $1
Kh8 38. Re1 {[%cal Ge1e6]} Qb7 39. Qc3+ Kh7 40. Rd5 {with a decisive attack.})
34... Rg8 $2 (34... Bxe4 $142 35. Qxe4 exf5 36. Qxf5 Rg7 37. Qh5+ (37. Re1 Rf8)
37... Rh7 (37... Kg8 38. Qd5+ Rf7 39. Qxd6 $16) 38. Qg6 $16) (34... exf5 {
Petursson} 35. Bxf5 Rdc7 (35... Qb7 36. Rd5 Rcd8 37. Bxd7 Rxd7 38. Qh5+ Kg7 39.
Rg5+ Kf8 40. Qh8+ Ke7 41. Rg7+ Ke6 42. Re1+ Kf5 43. Qh5+ Kf6 44. Qg5#) 36. Rxd6
$18) 35. Qf4 $1 {[%cal Gf4h6]} Bxe4 (35... exf5 36. Qh6+ Rh7 37. Qf6+ Rhg7 38.
Bxf5 Qb7 39. Rd5 $18) 36. Qh6+ Rh7 37. Qf6+ Rhg7 38. Qh6+ Rh7 39. Qf6+ $18 Rhg7
40. Nxg7 Rxg7 41. Re1 (41. Rbd1 {is also possible.}) 41... Bf5 42. Rxe6 {
the most practical way.} ({Also after} 42. Red1 {white wins easily.}) 42...
Bxe6 43. Qh6+ $1 Kg8 (43... Rh7 44. Qxe6 Nc8 45. Qe8+ Kg7 46. Rd5 $18) 44.
Qxe6+ Kh7 45. Rxd6 (45. Rd5 $1 {winning immediately.}) 45... Qc7 46. Rxb6 Rxg3+
47. fxg3 Qxg3+ 48. Kf1 Qf3+ 49. Ke1 Qc3+ 50. Ke2 Qc2+ 51. Kf3 Qd1+ 52. Kf4 Qf1+
53. Ke5 Qe1+ 54. Kd6 1-0

[Event "ISR-ch"]
[Site "Ramat Aviv"]
[Date "1998.11.08"]
[Round "1.2"]
[White "Greenfeld, Alon"]
[Black "Krayz, Alexander"]
[Result "1/2-1/2"]
[WhiteElo "2535"]
[BlackElo "2375"]
[Annotator "Avrukh,B"]
[PlyCount "63"]
[EventDate "1998.11.08"]
[EventType "k.o."]
[EventRounds "5"]
[EventCountry "ISR"]
[SourceTitle "CBM 068"]
[Source "ChessBase"]
[SourceDate "1999.02.01"]
[SourceVersion "1"]
[SourceVersionDate "1999.02.01"]
[SourceQuality "1"]

1. d4 Nf6 2. c4 e6 3. Nf3 b6 4. g3 Ba6 5. Nbd2 c5 6. Bg2 Bb7 7. e4 cxd4 8. O-O
d6 9. Nxd4 Nbd7 10. a4 {[%mdl 4]} (10. Re1 Qc7 (10... Qc8 11. a4 $1 a6 (11...
Be7 12. a5 bxa5 13. N2b3 Qxc4 $2 (13... Rb8 14. Nxa5 Ba8 15. Nb5 $16) 14. Nxa5
Qa6 15. e5 Bxg2 16. exf6 $18) 12. a5 e5 {[%csl Rd5]} (12... bxa5 13. N2b3 Nc5
14. Nxc5 Qxc5 15. Nb3 $1 Qxc4 $2 16. Nxa5 Qb5 17. Nxb7 Qxb7 18. e5 Nd5 19. exd6
$18) (12... Rb8 $142) 13. Nf5 (13. N4b3 b5 14. cxb5 axb5 15. Nb1 $5 {[%cal
Gb1c3,Gc3d5]} (15. Nf1 $5 {[%cal Gf1e3,Ge3d5]}) 15... Be7 16. Nc3 b4 17. Nd5
Nxd5 18. exd5 O-O 19. Bd2 {[%csl Rb4] with clear advantage for white.}) 13...
g6 14. Ne3 Be7 15. axb6 O-O (15... Nxb6 16. b4 O-O 17. Bb2 $16 {[%cal Ga1c1,
Gc4c5]}) 16. b4 Bd8 17. Nb3 $1 (17. c5 $6 dxc5 18. bxc5 Nxc5 19. Nec4 Nd3 $13 {
1-0 Oll,L-Kengis,E/Riga 1995/CBM 47/[Dautov] (41)}) 17... Bxb6 (17... Bxe4 $2
18. Bxe4 Nxe4 19. Qd5 $18) (17... Nxe4 18. Nd5 $16) 18. Qd3 $1 {and black's
position is very unpleasant.}) (10... Be7 $2 11. e5 Bxg2 12. exf6 Bxf6 13. Nxe6
fxe6 14. Kxg2 Nc5 15. Ne4 $16 {[%csl Rd6,Re6]}) (10... a6 11. e5 Bxg2 12. exf6
Bb7 (12... Qxf6 13. Nxe6 $1 fxe6 14. Kxg2 Nc5 15. Ne4 Nxe4 16. Rxe4 $16 {
Browne,W-Burger,K/Philadelphia open/1990/}) 13. fxg7 Bxg7 14. Ne4 Bxe4 15. Rxe4
$14) 11. a4 (11. Nb5 Qb8) 11... a6 12. a5 Be7 13. N2b3 Rc8 14. axb6 Nxb6 15.
Na5 Ba8 16. b3 Nfd7 17. Be3 O-O 18. Rc1 Rfe8 19. Re2 Nc5 20. Qc2 $14 {1-0
Huzman,A-Har Zvi,R/ISR-chT 1996/EXP 52 (36)}) (10. b3 Qc7 11. Bb2 Be7 12. f4
O-O 13. f5 e5 14. Nb5 Qc5+ 15. Kh1 a6 16. Nc3 b5 17. g4 h6 {and black is O.K.1/
2-1/2 Shulman,Y-Budnikov,A/Vladivostok (07) ;EXP 43 1994 (22)}) 10... Nc5 $1
$146 {[%mdl 8]} (10... a6 11. a5 (11. Qc2 $142) 11... bxa5 12. N2b3 a4 $1 {
interesting idea the white's rook will placed not so good on a4 in view of
coming Nc5,orNb6.} 13. Rxa4 Rc8 14. Na5 Ba8 15. Re1 Be7 (15... Nc5 16. Ra2
Ncxe4 17. f3 Nc5 18. b4 Ncd7 19. b5 axb5 20. cxb5 $44) 16. Ndc6 $2 {[%mdl 64]}
(16. Ra2 Nc5 17. Qc2 Qb6 {with nice position for black.}) 16... Rxc6 (16...
Bxc6 17. Nxc6 Rxc6 18. e5 Nxe5 19. Rxe5 $1 O-O 20. Rxe6 $1 Rxc4 21. Re1 Rxa4
22. Qxa4 $14) 17. Nxc6 Bxc6 18. Rxa6 Qc8 19. Rxc6 Qxc6 20. e5 Qxc4 21. exf6
Nxf6 {and white hasn't compensation for pawn. 0-1 Kohler,T-Siegel,G/Berlin
1997/EXP 59 (87)}) 11. a5 (11. Re1 $2 Nd3) (11. Qe2 e5 12. Nc2 Be7 13. b4 Ne6 {
[%cal Ga7a5]} 14. a5 O-O $13) 11... bxa5 12. N4b3 Nxb3 (12... Bxe4 $2 13. Nxe4
Ncxe4 14. Re1 d5 15. cxd5 exd5 16. f3 Bb4 17. Re2 $18) (12... Rb8 $2 13. Nxa5 (
13. Nxc5 $143 dxc5 14. Qa4+ Nd7 15. Qxa5 Qxa5 16. Rxa5 a6 $11) 13... Ba8 14. e5
$1 dxe5 (14... Nfd7 15. Bxa8 Rxa8 16. b4 Nd3 17. exd6 Bxd6 18. Ne4 Bxb4 19.
Qxd3 Bxa5 20. Nd6+ Kf8 21. Nb7 $18) 15. Nc6 Bxc6 16. Bxc6+ Nfd7 17. Rxa7 Qb6
18. Bxd7+ Nxd7 19. Qa4 $16) 13. Qxb3 Bc6 (13... Qb6 14. Qa4+ Bc6 15. Qxa5 Be7
16. b3 O-O 17. Bb2 $14) 14. Qc3 Be7 ({Of cause not} 14... a4 $2 15. e5 $1 Bxg2
16. exf6 Bxf1 17. fxg7 {and white wins.}) 15. Qxa5 Qxa5 16. Rxa5 Bd8 $1 17. Ra2
a5 (17... Bb6) 18. b3 Bb6 19. Ba3 Kd7 20. Rc1 (20. Bxd6 Kxd6 21. e5+ Kxe5 22.
Bxc6 Rac8 $11) 20... Rhc8 $11 {Black played good and interesting in the
opening and equalized soon,but the problem,that draw result is enough for
white to go into the second round of the Israel-ch.} 21. c5 (21. h3) (21. Rd1
$6 {[%cal Ge4e5]} Kc7 {[%cal Gf6d7,Gd7c5]}) 21... dxc5 (21... Bxc5 22. Bxc5
dxc5 23. Nc4 Kc7 24. e5 Nd7 25. Bxc6 Kxc6 $11) 22. Bxc5 (22. Nc4 Bc7 (22...
Rab8 $140 23. Rd2+ Kc7 24. Bb2 $1 {[%cal Gb2e5] and wins .}) 23. Rd2+ Ke8 24.
e5 Nd5 25. Bxc5 a4 $11) 22... Bb5 ({Maybe} 22... Bb7 23. Rac2 Bxc5 24. Rxc5
Rxc5 25. Rxc5 a4 26. bxa4 Rxa4 {gives to black more chances for the
win!!Because the draw was enough for white to go into the second round.} 27. f3
$11) 23. Rac2 Rab8 24. Bxb6 Rxc2 25. Rxc2 Rxb6 26. Ra2 {Forcing the draw
immediatly.} Ra6 27. Bf1 Bxf1 28. Kxf1 Kc6 29. Ra4 Kb5 30. Nc4 Nd7 (30... Nxe4
$4 31. Na3+ $18 {[%cal Ga4e4]}) 31. Na3+ Kb6 32. Nc4+ 1/2-1/2